000 00422nam a22001577a 4500
999 _c13342
_d13342
003 MAJU-Karachi
005 20220630113252.0
008 220630b ||||| |||| 00| 0 eng d
020 _a9789697502073
040 _cDLC
050 _a330
_b10410
082 _a330
_b10410
100 _aAzam Chaudhry
245 _aEconomic Challenges Facing Pakistan in the Regional and Global Environment 2017-2018
942 _2ddc
_cECO